000 01626nam a2200253Ia 4500
003 Ost
005 20260507075256.0
008 260507s9999||||xx |||||||||||||| ||und||
020 _a70603299579
040 _cfsecg
041 _aara
082 _a330
100 _aكنج شكري، ماهر
_eمؤلف
245 0 _aالمالية الدولية :
_bالعملات الاجنبية و المشتقات المالية بين النظرية و التطبيق /
_c ماهر كنج شكري
260 _aعمان:
_bمعهد الدراسات المصرفية,
_c2004
300 _a375 صفحة؛
_bإيضاحات ؛
_c25 سم
520 _aنظام النقد الدولي ومصادر التمويل الدولي مع التمويل الدولي قصير الأجل ــ السوق النقدية ، التمويل الدولي متوسط و طويل الاجل سوق رأس المال بالتطرق الى السندات و القروض المجمعة ، أسواق التمويل الدولية الثانوية و التعامل بالعملات الاجنبية و سعر الصرفو كذلك سوق العملات الاجنبية الانية و الاجلة ثم التطرق الى المشتقات المالية و ذلك بتناول العقود المستقبلية و حقوق الخيار و أخيرا عملية التبديل أو المقايضات .
653 _aالتمويل الدولي
653 _aالعملات الأجنبية
653 _aالمالية
653 _aنظام النقد الدولي
700 _aعوض، مروان
_eمؤلف ثانوي
942 _cكتاب
999 _c43744
_d43744